[Event "NED-chT 9900"]
[Site "Netherlands"]
[Date "2000.04.29"]
[Round "7"]
[White "Barsov, Alexei"]
[Black "Konings, Leon"]
[Result "1/2-1/2"]
[WhiteElo "2521"]
[BlackElo "2255"]
[PlyCount "40"]
[EventDate "2000.02.05"]
[EventType "team-tourn"]
[EventRounds "9"]
[EventCountry "NED"]
[SourceTitle "CBM 076 Extra"]
[Source "ChessBase"]
[SourceDate "2000.07.11"]
[SourceVersion "1"]
[SourceVersionDate "2000.07.11"]
[SourceQuality "1"]
[WhiteTeam "Bussum"]
[BlackTeam "Leiden LSG"]
[WhiteTeamCountry "NED"]
[BlackTeamCountry "NED"]

1. d4 Nf6 2. Nf3 e6 3. c4 d5 4. Nc3 Be7 5. Bf4 0-0 6. e3 c5 7. dxc5 Nc6 8. a3 dxc4 9. Bxc4 Qxd1+ 10. Rxd1 Bxc5 11. Ne5 Nh5 12. Nxc6 Nxf4 13. exf4 bxc6 14. Ne4 Be7 15. Kd2 Rd8+ 16. Ke3 Bb7 17. Rd3 Rxd3+ 18. Bxd3 c5 19. Rc1 Bxe4 20. Bxe4 Rb8 1/2-1/2